000 00287nam a2200133Ia 4500
100 _aBurghardt/Axelrod
942 _cBK
654 _aMachine
245 _aMachine tool operation part I
260 _bMcGraw Hill
_aTokyo
_c2001
082 _a621.9
300 _a588
546 _aENGLISH
999 _c28258
_d28258